Voices from the haunted house /

Kate and Ben follow their rabbit into a haunted house and discover the source of its ghostly sounds.

Bibliographic Details
Main Author: Smith, Beatrice S.
Format: Book
Language:English
Published: Minneapolis, Minn. : Carolrhoda Books, [1976]
Series:A Carolrhoda minimystery

MARC

Tag First Indicator Second Indicator Subfields
LEADER 00000cam a2200000 a 4500
001 in00000087765
005 20151008063006.0
008 760810s1976 mnua j 00011 engm
010 |a  75039151  
020 |a 0876140584 (lib. bdg.) 
035 |a (OCoLC)02290369 
035 |9 AAK1356AM 
040 |a DLC  |c DLC  |d m.c.  |d TXA  |d UtOrBLW 
049 |a [Curr Col] TXAM  |c [933532] 
050 0 0 |a PZ7 S64323  |b  Vo 
082 0 |a [Fic] 
100 1 |a Smith, Beatrice S. 
245 1 0 |a Voices from the haunted house /  |c by Beatrice S. Smith ; pictures by G. Overlie. 
264 1 |a Minneapolis, Minn. :  |b Carolrhoda Books,  |c [1976] 
264 4 |c ©1976 
300 |a 32 unnumbered pages :  |b color illustrations ;  |c 16 cm. 
336 |a text  |b txt  |2 rdacontent 
337 |a unmediated  |b n  |2 rdamedia 
338 |a volume  |b nc  |2 rdacarrier 
490 0 |a A Carolrhoda minimystery 
520 |a Kate and Ben follow their rabbit into a haunted house and discover the source of its ghostly sounds. 
999 |a MARS 
999 f f |s a6cb3bf3-48d7-32e6-afd8-a3fe1e36da7e  |i fdbf2cb9-5cff-3b64-82ae-e01b9718a90d  |t 0 
952 f f |p ric  |a Texas A&M University  |b Rellis Campus  |c Joint Library Facility  |d Remote Storage  |t 0  |e PZ7 S64323 Vo  |h Library of Congress classification  |i unmediated -- volume  |m A14805980537 
998 f f |a PZ7 S64323 Vo  |t 0  |l Remote Storage